First Names of Slavic Origin - Sudden Death #2 - Statistics

General Stats
  • This quiz has been taken 19 times
  • The average score is 9 of 15
Answers on the Grid
Answers color-coded by a green-red scale on the quiz's grid according to % correct below.
Albert
Borimir
Bożena
Dragana
Friedrich
Jagoda
Katherine
Lada
Lyubov
Melania
Milica
Nadezhda
Sonia
Svenja
Svetlana
Vladan
Wanda
Wilhelm
Wojciech
Zoran
Zvonimir
 
Answer Stats
Answer % Correct
Borimir
83%
Dragana
83%
Svetlana
83%
Bożena
72%
Jagoda
72%
Zvonimir
72%
Lyubov
67%
Milica
67%
Lada
61%
Vladan
61%
Wojciech
61%
Nadezhda
56%
Zoran
56%
Sonia
33%
Wanda
17%
No matching quizzes found
Score Distribution
Percent of People with Each Score
Percentile by Number Answered
Your Score History
You have not taken this quiz